Sports Quiz

Random Sports Quiz

Fifa 17: English Players 81+ Quiz Stats

 Plays Quiz not verified by Sporcle

Challenge
Share
Tweet
Embed
Score 0/88 Timer 10:00
0 Plays Today
Rating Card % Correct
94/TOTSHarry Kane
99.6%
91/POMHarry Kane
99.6%
90/IFHarry Kane
99.6%
89/MOTMHarry Kane
99.6%
88/IFHarry Kane
99.6%
87/RewardHarry Kane
99.6%
87/IFHarry Kane
99.6%
86/IFHarry Kane
99.6%
85Harry Kane
99.6%
84Harry Kane
99.6%
86/IFJoe Hart
98.4%
91/TOTSDelle Alli
96.8%
91/YPOYDelle Alli
96.8%
86/POMDelle Alli
96.8%
84/IFDelle Alli
96.8%
83/RewardDelle Alli
96.8%
82Delle Alli
96.8%
89/TOTSKyle Walker
96.4%
84/IFKyle Walker
96.4%
82Kyle Walker
96.4%
81Kyle Walker
96.4%
84Joe Hart
94.7%
84/IFJamie Vardy
93.9%
82Jamie Vardy
93.9%
86/HeroWayne Rooney
93.5%
84Wayne Rooney
93.5%
86/MOTMTheo Walcott
91.9%
85/IFGary Cahill
91.9%
84/IFTheo Walcott
91.9%
83/CBGary Cahill
91.9%
Rating Card % Correct
81Theo Walcott
91.9%
86/FUTBDAYDaniel Sturridge
91.5%
84/POMRaheem Sterling
91.5%
84Daniel Sturridge
91.5%
82Raheem Sterling
91.5%
84John Terry
90.7%
82John Terry
90.7%
85/IFLeighton Baines
89.5%
83/LBLeighton Baines
89.5%
82Jordan Henderson
89.5%
81/MovemberJordan Henderson
89.5%
86/FUTBDAYAshley Cole
89.1%
84/RewardJermain Defoe
89.1%
84/IFJermain Defoe
89.1%
81Jermain Defoe
89.1%
90/TOTSAdam Lallana
88.7%
85/IFAdam Lallana
88.7%
83/CMAdam Lallana
88.7%
82Adam Lallana
88.7%
86/IFJames Milner
87.9%
84/IFJames Milner
87.9%
81James Milner
87.9%
84/IFPhil Jagielka
85.8%
82Phil Jagielka
85.8%
81Danny Rose
85.8%
89/TOTSMichael Keane
84.2%
84/IFMichael Keane
84.2%
84Chris Smalling
84.2%
81/IFMichael Keane
84.2%
81Michael Carrick
82.2%
Rating Card % Correct
81Steven Gerrard
82.2%
82/RewardMarcus Rashford
81.4%
81Nathaniel Clyne
81%
82Jack Butland
76.9%
84/IFTom Heaton
76.5%
82/IFTom Heaton
76.5%
84/IFRyan Shawcross
75.7%
81Ross Barkley
75.7%
81Ryan Shawcross
75.7%
81/IFFraser Forster
75.3%
84/IFAlex Oxlade-Chamberlain
72.1%
81/MOTMAlex Oxlade-Chamberlain
72.1%
86/TOTSDwight Gayle
71.3%
81/IFDwight Gayle
71.3%
83/IFWilfried Zaha
70%
82Jack Wilshere
70%
83/RewardGareth Barry
65.2%
81/IFKieron Trippier
64.4%
85/TOTWJonjo Shelvey
63.2%
84/IFScott Sinclair
58.3%
81/IFScott Sinclair
58.3%
82/IFMichail Antonio
57.9%
81/FUTBDAYGabby Agbonlahor
53.8%
83/FUTBDAYDarren Bent
52.6%
81/IFKyle Naughton
48.6%
85/TOTWLewis Dunk
42.5%
81/IFAndre Grey
36%
83/TOTYJames Vaughan
19.4%

You're not logged in!

Compare scores with friends on all Sporcle quizzes.
Join for Free
OR
Log In

You Might Also Like...

Show Comments

Extras

Top Quizzes Today


Score Distribution

Your Account Isn't Verified!

In order to create a playlist on Sporcle, you need to verify the email address you used during registration. Go to your Sporcle Settings to finish the process.

Report this User

Report this user for behavior that violates our Community Guidelines.

Details: